Practical reliability engineering (Record no. 1286)

MARC details
000 -LEADER
Fixed length control field 00481nam a2200181 4500
003 - CONTROL NUMBER IDENTIFIER
Control field SEACOMEC
005 - DATE AND TIME OF LATEST TRANSACTION
Control field 20240603161341.0
008 - FIXED-LENGTH DATA ELEMENTS--GENERAL INFORMATION
Fixed length control field 240603b |||||||| |||| 00| 0 eng d
020 ## - INTERNATIONAL STANDARD BOOK NUMBER / ISBN
International Standard Book Number 0470844620
Price $7.00
040 ## - CATALOGING SOURCE
Original cataloging agency SEACOMEC
082 ## - DEWEY DECIMAL CLASSIFICATION NUMBER
Classification number 620.0052
Book Number O18
100 ## - MAIN ENTRY--PERSONAL NAME
Personal name O'Connor, Patrick D. T
245 ## - TITLE STATEMENT
Title Practical reliability engineering
Statement of responsibility Patrick D. T O'Connor,
250 ## - EDITION STATEMENT
Edition statement 4th ed
260 ## - IMPRINT
Place of publication England
Name of publisher John Wiley & Sons
Date of publication 2004
300 ## - PHYSICAL DESCRIPTION
Page / Vol. No xv, 513p
942 ## - ADDED ENTRY ELEMENTS (KOHA)
Koha item type Books
Holdings
Withdrawn status Lost status Source of classification Damaged status Not for loan Home library Current library Date acquired Total Checkouts Call number Accession number Date last seen Price effective from Koha item type
    Dewey Decimal Classification     SEACOM ENGINEERING COLLEGE SEACOM ENGINEERING COLLEGE 03/06/2024   620.0452 O18 5565 03/06/2024 03/06/2024 Books
© Seacom Engineering College, All rights reserved.      Powered by Koha